Staatsoberhäupter Deutschlands seit 1867 - mit Bild - Statistiken

Allgemein
  • Dieses Quiz wurde 2.593 mal gespielt
    2.555 seit der letzten Aktualisierung
  • Das Durchschnittsergebnis liegt bei 11 aus 27
Antwortstatistiken
Bildquiz Hint Antwort % Korrekt
Führer (und Reichskanzler)
1934-1945
Adolf Hitler
NSDAP
Adolf Hitler
89%
Deutscher Kaiser
1867-1888
Otto von Bismarck
Präsidium des Bundes
parteilos
Wilhelm I.
81%
Deutscher Kaiser
1888-1918
Bismarck, Caprivi, Hohenlohe-Schillingsfürst, Bülow, Bethmann Hollweg, Michaelis, Hertling, Baden
parteilos
Wilhelm II.
79%
Bundespräsident
2017-heute
Merkel, Scholz

SPD
Frank-Walter Steinmeier
75%
Reichspräsident
1925-1934
Luther, Geßler, Marx, Müller, Brüning, Papen, Schleicher, Hitler
parteilos
Paul von Hindenburg
69%
Bundespräsident
2012-2017
Angela Merkel
parteilos
Joachim Gauck
59%
Deutscher Kaiser
1888
Otto von Bismarck
parteilos
Friedrich III.
56%
Staatsratsvorsitzender
1976-1989
Willi Stoph
SED
Erich Honecker
54%
Bundespräsident
2010-2012
Angela Merkel
CDU
Christian Wulff
50%
Reichspräsident
1919-1925
Scheidemann, Bauer, Müller, Fehrenbach, Wirth, Cuno, Stresemann, Marx, Luther
SPD
Friedrich Ebert
50%
Bundespräsident
1949-1959
Konrad Adenauer
FDP
Theodor Heuss
43%
Staatsratsvorsitzender
1960-1973
Grotewohl, Stoph
SED
Walter Ulbricht
43%
Bundespräsident
2004-2010
Schröder, Merkel
CDU
Horst Köhler
38%
Bundespräsident
1999-2004
Gerhard Schröder
SPD
Johannes Rau
37%
Bundespräsident
1984-1994
Helmut Kohl
CDU
Richard von Weizsäcker
37%
Bundespräsident
1974-1979
Helmut Schmidt
FDP
Walter Scheel
37%
Reichspräsident und Leiter des OKW
1945
Goebbels, Krosigk
NSDAP
Karl Dönitz
32%
Bundespräsident
1994-1998
Kohl, Schröder
CDU
Roman Herzog
27%
Staatsratsvorsitzender
1989
Stoph, Modrow
SED
Egon Krenz
26%
Bundespräsident
1959-1969
Adenauer, Erhard, Kiesinger
CDU
Heinrich Lübke
24%
Bundespräsident
1979-1984
Schmidt, Kohl
CDU
Karl Carstens
24%
Bundespräsident
1969-1974
Kiesinger, Brandt, Scheel, Schmidt
SPD
Gustav Heinemann
23%
Präsident der DDR
1949-1960
Otto Grotewohl
SED
Wilhelm Pieck
17%
Staatsratsvorsitzender
1973-1976
Horst Sindermann
SED
Willi Stoph
13%
Präsidentin der Volkskammer
1990
Lothar de Maizière
CDU
Sabine Bergmann-Pohl
9%
Staatsratsvorsitzender
1989-1990
Hans Modrow
LDPD (Blockpartei)
Manfred Gerlach
7%
Präsident des Reichsgerichts
1925
Hans Luther
parteilos
Walter Simons
7%
Keine übereinstimmenden Quizze gefunden
Verteilung der Resultate
Anzahl Personen mit jedem Resultat
Perzentil nach korrekt beantworteten Fragen
Ihre Resultats-Entwicklung
Sie haben dieses Quiz seit der letzten Aktualisierung nicht gespielt